<?xml version="1.0" encoding="UTF-8"?><?xml-stylesheet type="text/xsl" href="static/style.xsl"?><OAI-PMH xmlns="http://www.openarchives.org/OAI/2.0/" xmlns:xsi="http://www.w3.org/2001/XMLSchema-instance" xsi:schemaLocation="http://www.openarchives.org/OAI/2.0/ http://www.openarchives.org/OAI/2.0/OAI-PMH.xsd"><responseDate>2026-04-28T22:31:12Z</responseDate><request verb="GetRecord" identifier="oai:riubu.ubu.es:10259/4339" metadataPrefix="marc">https://riubu.ubu.es/oai/request</request><GetRecord><record><header><identifier>oai:riubu.ubu.es:10259/4339</identifier><datestamp>2022-12-19T11:00:07Z</datestamp><setSpec>com_10259_4244</setSpec><setSpec>com_10259_5086</setSpec><setSpec>com_10259_2604</setSpec><setSpec>col_10259_4245</setSpec></header><metadata><record xmlns="http://www.loc.gov/MARC21/slim" xmlns:doc="http://www.lyncode.com/xoai" xmlns:xsi="http://www.w3.org/2001/XMLSchema-instance" xmlns:dcterms="http://purl.org/dc/terms/" xsi:schemaLocation="http://www.loc.gov/MARC21/slim http://www.loc.gov/standards/marcxml/schema/MARC21slim.xsd">
<leader>00925njm 22002777a 4500</leader>
<datafield tag="042" ind1=" " ind2=" ">
<subfield code="a">dc</subfield>
</datafield>
<datafield tag="720" ind1=" " ind2=" ">
<subfield code="a">Melgosa Gómez, Rodrigo</subfield>
<subfield code="e">author</subfield>
</datafield>
<datafield tag="720" ind1=" " ind2=" ">
<subfield code="a">Sanz Díez, Mª Teresa</subfield>
<subfield code="e">author</subfield>
</datafield>
<datafield tag="720" ind1=" " ind2=" ">
<subfield code="a">García Solaesa, Ángela</subfield>
<subfield code="e">author</subfield>
</datafield>
<datafield tag="720" ind1=" " ind2=" ">
<subfield code="a">Bucio López, Silvia Liliana</subfield>
<subfield code="e">author</subfield>
</datafield>
<datafield tag="720" ind1=" " ind2=" ">
<subfield code="a">Beltrán Calvo, Sagrario</subfield>
<subfield code="e">author</subfield>
</datafield>
<datafield tag="260" ind1=" " ind2=" ">
<subfield code="c">2015-02</subfield>
</datafield>
<datafield tag="520" ind1=" " ind2=" ">
<subfield code="a">This work investigates the effect of supercritical carbon dioxide (SC-CO2) treatment on four commer-cial lipases. The influence of experimental conditions: temperature (35–70◦C), pressure (10–25 MPa),exposure time (1–3 h) and depressurization steps (1–3) on the residual activity was studied. Activityenhancement was verified for free enzymes (Palatase 20000 L and Lipozyme CALB L) treated at mildconditions; while the highest temperature and pressure and the longest exposure time assayed led toactivity losses. On the other hand, activity losses or no significative effect of the treatment in the enzymeactivity were observed on immobilized enzymes (Lipozyme RM IM and Lipozyme 435). Qualitative stud-ies were also performed: Fluorescence emission spectra showed changes in the conformational structureof both two free enzymes after SC-CO2treatment. Scanning electron micrographs showed morphologicalalterations in the immobilization supports of the treated enzymes; while infrared spectra did not showchemical modifications.</subfield>
</datafield>
<datafield tag="024" ind2=" " ind1="8">
<subfield code="a">0896-8446</subfield>
</datafield>
<datafield tag="024" ind2=" " ind1="8">
<subfield code="a">http://hdl.handle.net/10259/4339</subfield>
</datafield>
<datafield ind1=" " ind2=" " tag="653">
<subfield code="a">Candida antarctica lipase B</subfield>
</datafield>
<datafield ind1=" " ind2=" " tag="653">
<subfield code="a">Rhizomucor miehei lipase</subfield>
</datafield>
<datafield ind1=" " ind2=" " tag="653">
<subfield code="a">Immobilized lipase</subfield>
</datafield>
<datafield ind1=" " ind2=" " tag="653">
<subfield code="a">Lipozyme</subfield>
</datafield>
<datafield ind1=" " ind2=" " tag="653">
<subfield code="a">Enzyme activity</subfield>
</datafield>
<datafield ind1=" " ind2=" " tag="653">
<subfield code="a">Supercritical carbon dioxide</subfield>
</datafield>
<datafield tag="245" ind1="0" ind2="0">
<subfield code="a">Enzymatic activity and conformational and morphological studies of four commercial lipases treated with supercritical carbon dioxide</subfield>
</datafield>
</record></metadata></record></GetRecord></OAI-PMH>